000 01080nam a22002537a 4500
003 BD-DhSAU
005 20181202160411.0
008 160731b2014 bg ||||| |||| 001 0 eng d
040 _aBD-DhSAU
082 _222
_a310
_bAn95
100 _a Anwar , Rockshana
_eRegistration # 10-04094
245 _aEffectiveness and impact of safal program: A study of Jagoroni Chakra Foundation, Jessore /
_bMS Thesis
_c Anwar , Rockshana
260 _aSher-e-Bangla Agricultural Uniersity :
_bDepartment of Agricultural Statistics
_c2016
300 _avii, 41 p. :
_bill. ;
_c30 cm.
500 _aMS thesis of Department of Agricultural Statistics ,Faculty of Agribusiness Management , Sher-e-Bangla Agricultural University, Dhaka, Bangladesh
590 _aShofi
650 _aAgricultural Statistics
650 _aEffectiveness
650 _aImpact
650 _a Jagoroni Chakra Foundation
_z Jessore
700 _aReza, Zulfikar Ahmed
_eSupervisor
856 _uhttp://archive.saulibrary.edu.bd:8080/xmlui/handle/123456789/1907
_yOnline Access
942 _2ddc
_cTHESIS
999 _c14290
_d14289